Marks v Eastaugh (VO) (Record no. 42024)

MARC details
000 -LEADER
fixed length control field 01105cab a2200217 4500
001 - CONTROL NUMBER
control field ABS48508
008 - FIXED-LENGTH DATA ELEMENTS--GENERAL INFORMATION
fixed length control field 090401t1993 xxu||||| |||| 00| 0 eng d
035 ## - SYSTEM CONTROL NUMBER
System control number (Sirsi) u67160
041 ## - LANGUAGE CODE
Language code of text/sound track or separate title eng
245 ## - TITLE STATEMENT
Title Marks v Eastaugh (VO)
260 ## - PUBLICATION, DISTRIBUTION, ETC.
Date of publication, distribution, etc. 1993
350 ## - PRICE (NR) (BK AM CF MU VM SE) [OBSOLETE]
Price 0
490 ## - SERIES STATEMENT
Series statement Rating Appeals
Volume/sequential designation 1993 RA 11-25(8)
520 ## - SUMMARY, ETC.
Summary, etc. LT 18 February 1993. Concerned a rating assessment of a beach hut occupied by M under licence. In 1990 M made two appeals to a Tribunal for reduction on the grounds that assessment was `incorrect, excessive and unfair` and because of disturbance by a voluntary life saving unit. RV determined at £160. R appealed to LT seeking a reduction to £74 rv in respect of first appeal and a further reduction of 25% in respect to the second appeal. Held, on the first rv determined at £74; the second, assessment reduced by a further 10% to take account of nuisance from the activities of the life-saving unit.
650 ## - SUBJECT ADDED ENTRY--TOPICAL TERM
Topical term or geographic name entry element BEACH HUT
650 ## - SUBJECT ADDED ENTRY--TOPICAL TERM
Topical term or geographic name entry element RATING ASSESSMENTS
650 ## - SUBJECT ADDED ENTRY--TOPICAL TERM
Topical term or geographic name entry element REDUCTION
690 ## - LOCAL SUBJECT ADDED ENTRY--TOPICAL TERM (OCLC, RLIN)
Topical term or geographic name as entry element RATING AND VALUATION-CASE LAW
942 ## - ADDED ENTRY ELEMENTS (KOHA)
Suppress in OPAC 0
948 ## - LOCAL PROCESSING INFORMATION (OCLC); SERIES PART DESIGNATOR (RLIN)
c (OCLC) 04/03/1997
Holdings
Withdrawn status Lost status Source of classification or shelving scheme Damaged status Not for loan Home library Current library Shelving location Date acquired Total Checkouts Full call number Barcode Date last seen Copy number Price effective from Koha item type
    Dewey Decimal Classification     London London Journal article 14/09/1999   ABS48508 67160-1001 06/08/2019 1 06/08/2019 Law report